<?xml version="1.0" encoding="UTF-8"?>
<collection xmlns="http://www.loc.gov/MARC21/slim">
 <record>
  <leader>05915nam a2200421 a 4500</leader>
  <controlfield tag="001">kal5516</controlfield>
  <controlfield tag="003">Gr-AtHEAL</controlfield>
  <controlfield tag="005">20160427163327.0</controlfield>
  <controlfield tag="006">m        d        </controlfield>
  <controlfield tag="008">160413s2015    gr      s           gre|c</controlfield>
  <datafield tag="020" ind1=" " ind2=" ">
   <subfield code="a">9789606034305</subfield>
  </datafield>
  <datafield tag="040" ind1=" " ind2=" ">
   <subfield code="a">GR-AtHEAL</subfield>
   <subfield code="b">gre</subfield>
   <subfield code="c">GR-AtHEAL</subfield>
  </datafield>
  <datafield tag="082" ind1="0" ind2="4">
   <subfield code="a">523.7</subfield>
   <subfield code="2">23</subfield>
  </datafield>
  <datafield tag="100" ind1="1" ind2=" ">
   <subfield code="a">Αλυσσανδράκης, Κωνσταντίνος.</subfield>
   <subfield code="8">1490</subfield>
  </datafield>
  <datafield tag="245" ind1="1" ind2="0">
   <subfield code="a">Φυσική του ήλιου και του διαστήματος</subfield>
   <subfield code="h">[Ηλεκτρονικός πόρος] </subfield>
   <subfield code="c">Αλυσσανδράκης, Κωνσταντίνος ; Νίντος, Αλέξανδρος ; Πατσουράκος, Σπύρος ; Κριτικός αναγνώστης,Βλάχος, Λουκάς ; Τεχνική επιμέλεια,Κουλουμβάκος, Αθανάσιος.</subfield>
  </datafield>
  <datafield tag="260" ind1=" " ind2=" ">
   <subfield code="a">Αθήνα :</subfield>
   <subfield code="b">Σύνδεσμος Ελληνικών Ακαδημαϊκών Βιβλιοθηκών,</subfield>
   <subfield code="c">c2015.</subfield>
  </datafield>
  <datafield tag="490" ind1=" " ind2=" ">
   <subfield code="a">Ακαδημαϊκά Ηλεκτρονικά Συγγράμματα και Βοηθήματα Κάλλιπος</subfield>
   <subfield code="8">40</subfield>
  </datafield>
  <datafield tag="520" ind1=" " ind2=" ">
   <subfield code="a">Στόχος του βιβλιου είναι να δόσει μια ολοκληρωμένη εικόνα της φυσικής συμπεριφοράς του ήλιου και της ηλιόσφαιρας, που αντιμετωπίζονται ως ένα ενιαίο σύνολο. Επί πλέον, αναλύεται η επίδραση των ηλιακών φαινομένων (γενικότερα των φαινομένων που έχουν την προέλευσή τους στον ήλιο) στο διαστημικό περιβάλλον κοντά στη γή, και στην ίδια τη γή (διαστημικός καιρός). Απευθύνεται σε φοιτητές τμημάτων φυσικής σε προχωρημένο προπτυχιακό επίπεδο ή σε εισαγωγικό μεταπτυχιακό.Μετά από μια σύντομη εισαγωγή, αναλύονται η θεωρητική βάση για τον προσδιορισμό των φυσικών συνθηκών στον ήλιο από παρατηρησιακά δεδομένα (κεφ 2) και παρουσιάζοναται μονοδιάστατα μοντέλα της ηλιακής ατμόσφαιρας και του ηλιακού ανέμου (κεφ 3 και 4). Ακολουθεί συζήτηση για το εσωτερικό του ήλιου και για τις σχετικές πληροφορίες που περέσχε η ανίχνευση νετρίνων και η ηλιοσεισμολογία (κεφ 5). Στη συνέχεια γίνεται μια εισαγωγή στη φυσική του ηλιακού πλάσματος, απαραίτητη για την κατανόηση της επίδρασης του μαγνητικού πεδίου στα ηλιακά φαινόμενα (κεφ 6 και 7). Με το υπόβαθρο αυτό, συζητείται στο κεφ. 8 η τριδιάστατη δομή της ήρεμης ηλιακής ατμόσφαιρας και των κέντρων δράσης, ενώ στο κεφ 9 αναλύονται τα εκρηκτικά φαινόμενα (εκλάμψεις, εκτοξεύσεις στεμματικής μάζας). Το επόμενο κεφάλαιο (κεφ 10) αναφέρεται στον κύκλο της ηλιακής δραστηριότητας και στην προέλευσή του. Ακολουθεί, στο κεφ. 11, η παρουσίαση των επιδράσεων των CMEs και των ενεργών σωματιδίων στο μεσοπλανητικό χώρο, ως εισαγωγή για την αλληλεπίδραση των φαινομένων αυτών με τη μαγνητόσφαιρα της γης και με άλλα σώματα του ηλιακού συστήματος, και τη διαμόρφωση του &quot;διαστημικού καιρού&quot; που γίνεται στο κεφ. 12.Στο Παράρτημα Α παρουσιάζονται τα όργανα για ηλιακές παρατηρήσεις, επίγεια και διαστημικά, και στο Παράρητημα Β δίνονται απαντήσεις σε επιλεγμένες ασκήσεις-ερωτήσεις. Σε ξεχωριστό Παράρτημα δίνεται συγκεντωτική βιβλιογραφία, πίνακες φυσικών και αστρονομικών σταθερών και μια συλλογή από χρήσιμες ηλεκτρονικές διευθύνσεις</subfield>
  </datafield>
  <datafield tag="650" ind1=" " ind2="0">
   <subfield code="a">Space physics topics</subfield>
   <subfield code="8">2715</subfield>
  </datafield>
  <datafield tag="650" ind1=" " ind2="0">
   <subfield code="a">Sun</subfield>
   <subfield code="8">2716</subfield>
  </datafield>
  <datafield tag="653" ind1=" " ind2=" ">
   <subfield code="a">Σχέσεις ήλιου-γης</subfield>
  </datafield>
  <datafield tag="653" ind1=" " ind2=" ">
   <subfield code="a">Πλανητικές μαγνητόσφαιρες</subfield>
  </datafield>
  <datafield tag="653" ind1=" " ind2=" ">
   <subfield code="a">Διαστημικός καιρός</subfield>
  </datafield>
  <datafield tag="653" ind1=" " ind2=" ">
   <subfield code="a">Ηλιακός άνεμος</subfield>
  </datafield>
  <datafield tag="653" ind1=" " ind2=" ">
   <subfield code="a">Ηλιακά ενεργά φαινόμενα</subfield>
  </datafield>
  <datafield tag="653" ind1=" " ind2=" ">
   <subfield code="a">Ηλιακή δραστηριότητα</subfield>
  </datafield>
  <datafield tag="653" ind1=" " ind2=" ">
   <subfield code="a">Ηλιακό μαγνητικό πεδίο</subfield>
  </datafield>
  <datafield tag="653" ind1=" " ind2=" ">
   <subfield code="a">Ηλιακή ατμόσφαιρα</subfield>
  </datafield>
  <datafield tag="653" ind1=" " ind2=" ">
   <subfield code="a">Ήλιος</subfield>
  </datafield>
  <datafield tag="653" ind1=" " ind2=" ">
   <subfield code="a">Αστρονομία και αστροφυσική</subfield>
  </datafield>
  <datafield tag="700" ind1="1" ind2=" ">
   <subfield code="a">Νίντος, Αλέξανδρος</subfield>
   <subfield code="e">Συγγραφέας</subfield>
   <subfield code="8">1491</subfield>
  </datafield>
  <datafield tag="700" ind1="1" ind2=" ">
   <subfield code="a">Πατσουράκος, Σπύρος</subfield>
   <subfield code="e">Συγγραφέας</subfield>
   <subfield code="8">1492</subfield>
  </datafield>
  <datafield tag="700" ind1="1" ind2=" ">
   <subfield code="a">Βλάχος, Λουκάς</subfield>
   <subfield code="e">Κριτικός αναγνώστης</subfield>
   <subfield code="8">1493</subfield>
  </datafield>
  <datafield tag="856" ind1="4" ind2="0">
   <subfield code="u">http://hdl.handle.net/11419/5516</subfield>
   <subfield code="z">Πλήρες Κείμενο - Full text</subfield>
  </datafield>
  <datafield tag="907" ind1=" " ind2=" ">
   <subfield code="a">.b25679624</subfield>
   <subfield code="b">12-06-18</subfield>
   <subfield code="c">29-07-16</subfield>
  </datafield>
  <datafield tag="949" ind1=" " ind2=" ">
   <subfield code="0">0</subfield>
   <subfield code="1">0</subfield>
   <subfield code="2">ddc</subfield>
   <subfield code="4">0</subfield>
   <subfield code="6">523_700000000000000_ΑΛΥ</subfield>
   <subfield code="7">0</subfield>
   <subfield code="8">KALL</subfield>
   <subfield code="8">721</subfield>
   <subfield code="d">2016-04-13</subfield>
   <subfield code="r">2016-04-13</subfield>
   <subfield code="w">2016-04-13</subfield>
   <subfield code="z">523.7 ΑΛΥ</subfield>
   <subfield code="o">SEAB KALLIPOS</subfield>
  </datafield>
  <datafield tag="998" ind1=" " ind2=" ">
   <subfield code="a">80</subfield>
   <subfield code="a">01</subfield>
   <subfield code="a">02</subfield>
   <subfield code="a">03</subfield>
   <subfield code="a">04</subfield>
   <subfield code="a">05</subfield>
   <subfield code="a">06</subfield>
   <subfield code="a">07</subfield>
   <subfield code="a">08</subfield>
   <subfield code="a">09</subfield>
   <subfield code="a">10</subfield>
   <subfield code="a">11</subfield>
   <subfield code="a">12</subfield>
   <subfield code="a">13</subfield>
   <subfield code="a">14</subfield>
   <subfield code="a">15</subfield>
   <subfield code="a">16</subfield>
   <subfield code="a">17</subfield>
   <subfield code="a">19</subfield>
   <subfield code="a">18</subfield>
   <subfield code="a">20</subfield>
   <subfield code="a">21</subfield>
   <subfield code="a">22</subfield>
   <subfield code="a">23</subfield>
   <subfield code="a">24</subfield>
   <subfield code="a">25</subfield>
   <subfield code="a">26</subfield>
   <subfield code="b">16-05-17</subfield>
   <subfield code="c">m</subfield>
   <subfield code="d">z  </subfield>
   <subfield code="e">-</subfield>
   <subfield code="f">gre</subfield>
   <subfield code="g">gr </subfield>
   <subfield code="h">0</subfield>
  </datafield>
  <datafield tag="942" ind1=" " ind2=" ">
   <subfield code="2">ddc</subfield>
   <subfield code="c">KALLIPOS</subfield>
  </datafield>
 </record>
</collection>
